Faculty of Law Library — Cairo University

Official Online Catalog

Istituto Superiore Internazionale Di Scienze Criminali / (Record no. 62814)

MARC details
000 -LEADER
fixed length control field 01203nam a2200313 i 4500
003 - CONTROL NUMBER IDENTIFIER
control field EG-GICUC
005 - DATE AND TIME OF LATEST TRANSACTION
control field 20260212151541.0
008 - FIXED-LENGTH DATA ELEMENTS--GENERAL INFORMATION
fixed length control field 260212s2002 it ||||fr ||| 00| 0 ita d
040 ## - CATALOGING SOURCE
Original cataloging agency EG-GICUC
Transcribing agency EG-GICUC
Modifying agency EG-GICUC
Description conventions rda
Language of cataloging ita
041 ## - LANGUAGE CODE
Language code of text/sound track or separate title eng
082 04 - DEWEY DECIMAL CLASSIFICATION NUMBER
Edition number 21
Classification number 341.77
Item number I N . I
092 04 - LOCALLY ASSIGNED DEWEY CALL NUMBER (OCLC)
Edition number 21
099 ## - LOCAL FREE-TEXT CALL NUMBER (OCLC)
Classification number Law1 11 341.77 I N . I 2002
110 1# - MAIN ENTRY--CORPORATE NAME
Relator term Author.
Corporate name or jurisdiction name as entry element International Institute Of Higher Studies In Criminal Sciences
245 ## - TITLE STATEMENT
Title Istituto Superiore Internazionale Di Scienze Criminali /
Statement of responsibility, etc. International Institute Of Higher Studies In Criminal Sciences .
246 1# - VARYING FORM OF TITLE
Title proper/short title International Institute Of Higher Studies In Criminal Sciences
246 1# - VARYING FORM OF TITLE
Title proper/short title Institut Supérieur International Des Sciences Criminelles
264 #0 - PRODUCTION, PUBLICATION, DISTRIBUTION, MANUFACTURE, AND COPYRIGHT NOTICE
Place of production, publication, distribution, manufacture Italy :
Name of producer, publisher, distributor, manufacturer International Institute Of Higher Studies In Criminal Sciences ,
Date of production, publication, distribution, manufacture, or copyright notice 2002 .
300 ## - PHYSICAL DESCRIPTION
Extent 171 Pages;
Dimensions 30 cm.
336 ## - CONTENT TYPE
Content type term text
Source rda content
337 ## - MEDIA TYPE
Media type term Computer
Source rda media
338 ## - CARRIER TYPE
Carrier type term Online Resource
Source rda carrier
546 ## - LANGUAGE NOTE
Language note Multilingual
650 04 - SUBJECT ADDED ENTRY--TOPICAL TERM
Topical term or geographic name entry element Diritto Internazionale Pubblico
650 04 - SUBJECT ADDED ENTRY--TOPICAL TERM
Topical term or geographic name entry element Diritto Penale Internazionale
856 ## - ELECTRONIC LOCATION AND ACCESS
Uniform Resource Identifier <a href="https://fll.law.cu.edu.eg/fulltext/th/B11-07267.pdf">https://fll.law.cu.edu.eg/fulltext/th/B11-07267.pdf</a>
905 ## - Cataloger and Reviser Names
Cataloger Name: Logain Ashraf
942 ## - ADDED ENTRY ELEMENTS (KOHA)
Source of classification or shelving scheme Dewey Decimal Classification
Koha item type Books
Edition 21
Suppress in OPAC No
Holdings
Withdrawn status Lost status Source of classification or shelving scheme Damaged status Not for loan Collection Home library Current library Date acquired Total checkouts Full call number Barcode Date last seen Copy number Price effective from Koha item type
    Dewey Decimal Classification   Not for loan القانون الدولي العام جــــامعة القــاهرة مكتبة كلية الحقوق - المبنى الرئيسي 12.02.2026   Law1 11 341.77 I N . I 2002 1107267 C1 B11-07267 12.02.2026 1 12.02.2026 Books

© All rights reserved — Faculty of Law, Cairo University